000 00692nam a2200205Ia 4500
003 GCL
008 140319s9999 xx 000 0 ara d
040 _aGCL /
_cGCL
082 0 4 _a418.24
_bع ت
100 1 _aعارف كرخى ابوخضيرى
245 1 0 _aتعليم اللغة العربية لغير العرب دراسات فى المنهج وطرق التدريس /
_cعارف كرخى ابوخضيرى
260 _a[S.N] :
_bدار الثقافة للنشر والتوزيع ،
_c1994
300 _a208 ص
490 _a
650 0 4 _aطرق التدريس
650 0 4 _aالتعليم
650 0 4 _aالمناهج
650 0 4 _aاللغة العربية
942 _2ddc
_cBK
999 _c31142
_d31142